000 02592cam a2200337 a 4500
999 _c16437
_d16437
001 11811414
003 OSt
005 20210803153722.0
008 991015s2000 enk b 001 0 eng
010 _a 99053841
020 _a0521771803
020 _a0521777437 (pbk.)
040 _cMMU
_aMMU
_beng
_dMMU
050 0 0 _aP95.8
_b.D394 2000
082 0 0 _a302.23
_221
245 0 0 _aDemocracy and the media :
_ba comparative perspective /
_cedited by Richard Gunther, Anthony Mughan.
260 _aCambridge ;
_aNew York :
_bCambridge University Press,
_c2000.
300 _axv, 496 p. ;
_c24 cm.
440 0 _aCommunication, society, and politics
504 _aIncludes bibliographical references (p. 449-485) and index.
505 0 _aThe media in democratic and nondemocratic regimes, a multilevel perspective / Anthony Mughan and Richard Gunther -- The media and politics in Spain, from dictatorship to democracy / Richard Gunther, José Ramón Montero, and José Ignacio Wert -- Institutional incapacity, the attentive public, and media pluralism in Russia / Ellen Mickiewicz -- Democratic transformation and the mass media in Hungary, from Stalinism to democratic consolidation / Miklós Sükösd -- The modernization of communications, the media in the transition to democracy in Chile / Eugenio Tironi and Guillermo Sunkel -- Media influence in the Italian transition from a consensual to a majoritarian democrarcy / Carlo Marletti and Franca Roncarolo -- The United States, news in a free-market society / Thomas E. Patterson -- Japan, news and politics in a media-saturated democracy / Ellis S. Krauss -- The Netherlands, media and politics between segmented pluralism and market forces / Cees van der Eijk -- Great Britain, the end of news at ten and the changing news environment / Holli A. Semetko -- Germany, a society and a media system in transition / Max Kaase -- The political impact of the media, a reassessment / Richard Gunther and Anthony Mughan.
650 0 _aMass media
_xPolitical aspects.
650 0 _aDemocracy.
700 1 _aGunther, Richard.
700 1 _aMughan, Anthony
856 4 2 _3Publisher description
_uhttp://www.loc.gov/catdir/description/cam0210/99053841.html
856 4 1 _3Table of contents
_uhttp://www.loc.gov/catdir/toc/cam026/99053841.html
906 _a7
_bcbc
_corignew
_d1
_eocip
_f19
_gy-gencatlg
942 _2lcc
_cLOAN LOAN